Historia del futbol mexicano 3 : (Record no. 83329)
[ view plain ]
| 000 -CABECERA | |
|---|---|
| campo de control de longitud fija | 00685ngm a2200181 a 4500 |
| 005 - FECHA Y HORA DE LA ÚLTIMA TRANSACCIÓN | |
| campo de control | 20250218063824.0 |
| 008 - ELEMENTOS DE LONGITUD FIJA--INFORMACIÓN GENERAL | |
| campo de control de longitud fija | 010709s1998 mx 047 daspa d |
| 035 ## - NÚMERO DE CONTROL DEL SISTEMA | |
| Número de control de sistema | UPN01000109418 |
| 049 ## - COLECCIÓN | |
| Colección | AV |
| 050 #4 - SIGNATURA TOPOGRÁFICA DE LA BIBLIOTECA DEL CONGRESO | |
| Número de clasificación | PVI GV 865 |
| 245 00 - MENCIÓN DE TÍTULO | |
| Título | Historia del futbol mexicano 3 : |
| Resto del título | el futbol nuestro de cada día. |
| 260 ## - PUBLICACIÓN, DISTRIBUCIÓN, ETC. | |
| Lugar de publicación, distribución, etc. | México : |
| Nombre del editor, distribuidor, etc. | Clío, |
| Fecha de publicación, distribución, etc. | 1998. |
| 300 ## - DESCRIPCIÓN FÍSICA | |
| Extensión | 1 videocasete (VHS) (47 min.) : |
| Otras características físicas | son., col. |
| 440 #0 - MENCIÓN DE SERIE/ASIENTO SECUNDARIO--TÍTULO | |
| Título | México siglo XX. |
| Nombre de parte o sección de la obra | El deporte |
| 520 ## - NOTA DE RESUMEN, ETC. | |
| Sumario, etc. | A pesar de ciertos tropiezos significativos, en los últimos años han aparecido camadas de jugadores mejor dotados técnicamente y con una nueva mentalidad |
| 650 #2 - ASIENTO SECUNDARIO DE MATERIA - TERMINO TEMATICO | |
| Término de materia o nombre geográfico como elemento de entrada | Futbol (Soccer) |
| 9 (RLIN) | 17143 |
| 905 ## - TIPO DE MATERIAL | |
| Tipo de material | Audiovisuales |
| Estado de retiro | Estado de pérdida | Fuente del sistema de clasificación o colocación | Estado dañado | No para préstamo | Código de colección | Localización permanente | Ubicación/localización actual | Ubicación en estantería | Total de préstamos | Clasificación | Código de barras | Fecha visto por última vez | Número de copia | Tipo de ítem Koha |
|---|---|---|---|---|---|---|---|---|---|---|---|---|---|---|
| Library of Congress Classification | Audiovisuales | Bib. Gregorio Torres Quintero | Bib. Gregorio Torres Quintero | Audiovisual | PVI GV 865 | 170735 | 31/12/2020 | 1 | Videocasete |
